000
00300nam a22001337a 4500
008
181011b xxu||||| |||| 00| 0 eng d
020
_a
070684308
041
_a
eng
080
_a
616-053
100
_a
8
101
_a
PED
245
_a
Survey of Clinical Pediatrics
_c
Wasserman,E
942
_2
udc
_c
BK
999
_c
49347
_d
49347